000 01473 a2200253 4500
001 4491
005 20260407155436.0
008 260407a2000 arg spa d
003 AR-UNSa-BCEJYS
040 _aAR-UNSa-BCEJYS
_bspa
_cAR-UNSa-BCEJYS
080 _a330.101.542
_xMicroeconomía
245 1 0 _aMicroeconomía
020 _a978-987-9460-12-2
264 1 _aBuenos Aires :
_bPearson Educación
_c2000
300 _axx, 516 p.
_c25 cm.
505 _a1. Prolegómenos 2. Los elementos básicos de la oferta y de la demanda - 3. La conducta de los consumidores - 4. La demanda del individuo y del mercado - 5. La producción - 6. El costo de producción - 7. La maximización de los beneficios y la oferta competitiva - 8. El análisis de los mercados competitivos - 9. El poder de mercado: el monopolio y el monopsonio - 10. La fijación de los precios con poder de mercado - 11. La competencia monopolística y el oligopolio - 12. La teoría de los juegos y la estrategia competitiva - 13. Los mercados de factores - 14. El equilibrio general y la eficiencia económica - 15. Los mercados con información asimétricas - 16. Las externalidades y los bienes públicos
041 _aspa
942 _cBK
590 _aniveau_biblio:m niveau_hierar:0
100 1 _aPindyck, Robert S.
700 1 _aRubinfeld, Daniel L.
700 1 _aBeker, Víctor Alberto
856 4 1 _uhttps://www.biblioeco.unsa.edu.ar/pmb/images/libros/L127365.jpg
_yImagen de portada
_qimage/jpeg
999 _c436
_d436